| 000 | 00908cab a2200265 4500 | ||
|---|---|---|---|
| 001 | ABS58787 | ||
| 008 | 090401t1998 xxu||||| |||| 00| 0 eng d | ||
| 035 | _a(Sirsi) u86609 | ||
| 041 | _aeng | ||
| 100 | _aWignall, G. | ||
| 245 | _aHandling nuisance claims | ||
| 260 | _c1998 | ||
| 350 | _a0 | ||
| 490 |
_aSolicitors` Journal _v142(20) 22 May 1998, 466-467(2) |
||
| 520 | _aContrasts the differences between private and public nuisance. Focusing on the former, issues of property rights, and interest in property are discussed. Looks at the advantage of claiming nuisance over negligence, and advantages of applying this form of tort. | ||
| 650 | _aHUNTER V CANARY WHARF | ||
| 650 | _aNEGLIGENCE | ||
| 650 | _aNUISANCE | ||
| 650 | _aPRIVATE NUISANCE | ||
| 650 | _aPROPERTY RIGHTS | ||
| 650 | _aPUBLIC NUISANCE | ||
| 690 | _aPROPERTY LAW AND PRACTICE | ||
| 942 | _n0 | ||
| 948 | _c05/06/1998 | ||
| 999 |
_c54533 _d54533 |
||